00502nam a2200193Ia 4500003000900000008004100009040001300050040001300063041000800076100001800084245012600102250000900228260001800237260000900255300001100264300001000275490001700285490000600302IT-RoPAU120407s9999 xx 000 0 und d aIT-RoPAU cIT-RoPAU aita aPhilippe Nemo aL’uomo strutturale. Propedeutica ad una fuga fuori dalle “impasses” crudeli dell’ideologia moderna della scienza. aRoma aCittà Nuova c1979 a218 p. c20 cm aFilosofia 8. v1